01376nam a2200385 a 450000100060000000300080000600500170001400600190003100700150005000800410006502000180010603500230012403500240014703500250017103500210019604000260021705000220024308000180026508200170028310000390030024500950033926000340043430000110046853301640047965000580064365000350070165000360073665000280077265300530080065300120085365500270086571000190089285600620091199900170097387852FlNmELB20241217171608.0m o d | cr cn|||||||||201109r2007 sp |||||s|||||||||||spa d z9788448156046 a(MiAaPQ)EBC3195020 a(Au-PeEL)EBL3195020 a(CaPaEBR)ebr10491505 a(OCoLC)929291864 aFlNmELBbspacFlNmELB 4aPN4734bC292 2007 a654.01:658.0104a070.40682221 aCaro González, Francisco Javier.10aGestión de empresas informativash[recurso electronico] /cFrancisco J. Caro González. aMadrid :bMcGraw-Hill,c2007. a216 p. aRecurso electrónico. Santa Fe, Arg.: e-libro, 2015. Disponible vía World Wide Web. El acceso puede estar limitado para las bibliotecas afiliadas a e-libro. 0aMedios de comunicación socialxAspecto económico. 0aEmpresas de prensaxGestión. 0aSocial mediaxEconomic aspects. 0aNewspapersxManagement. aMedios de comunicacion socialaAspecto economico aGestion 4aLibros electrónicos.2 ae-libro, Corp.40uhttps://elibro.net/ereader/politecnicointernacional/50107 c87852d87852